000 01215nam a22003137a 4500
005 20090824121555.0
008 090824t xxu||||| |||| 00| 0 eng d
010 _aENG-94849
020 _a8183640117
_c495.00
035 _aEN-78382
037 _bDBAD / PUB
040 _adpl
_bEnglish
082 _a954.5
100 _aRoy, Ramashray
245 _aNortheast India:
_cby Ramashray Roy, Sujata Miri [and] Sandhya Goswami
_bdevelopment, communalism and insurgency /
260 _aDelhi
_bAnshah Publishing House
_c2007
270 _aH4-03, Mayurdhwaj, 60 I P Extention,
_bDelhi
_e110092
300 _av, 213p.
_c23cm(Hb)
500 _aIncludes index
520 _aSpecially focussing on Assam and Meghalaya.
650 _aInsurgency
_zIndia
_zAssam
650 _aInsurgency
_zIndia
_zMeghalaya.
651 _aAssam (India)
_xPolitics and government
651 _a Meghalaya (India)
_xPolitics and government
700 _aMiri, Sujata
700 _aGoswami, Sandhya
942 _2ddc
_cEN
_mROY
_h954.5
999 _c29507
_d29507